Alternatives to capitalism : the economics of partnership
Αποθηκεύτηκε σε:
| Συγγραφή απο Οργανισμό/Αρχή: | |
|---|---|
| Άλλοι συγγραφείς: | |
| Μορφή: | Βιβλίο |
| Γλώσσα: | English |
| Δημοσίευση: |
London :
International Economic Association,
c1993
|
| Θέματα: | |
| Ετικέτες: |
Προσθήκη ετικέτας
Δεν υπάρχουν, Καταχωρήστε ετικέτα πρώτοι!
|
MARC
| LEADER | 00000nam a2200000 i 4500 | ||
|---|---|---|---|
| 001 | 1/50567 | ||
| 008 | 970117s1993 eng d | ||
| 020 | |a 0-333-57311-0 | ||
| 035 | |l 10027025 | ||
| 040 | |a GR-MY-UA |b gre |e aacr | ||
| 041 | 0 | |a eng | |
| 082 | 0 | |a 331.01 | |
| 245 | 1 | 0 | |a Alternatives to capitalism : |b the economics of partnership / |c edited by: A.B. Atkinson |
| 260 | |a London : |b International Economic Association, |c c1993 | ||
| 300 | |a xix, 290 p. | ||
| 500 | |a Proceedings of a conference held in honour of James Meade by the International Economic Association at Windsor, England. Volume No.106 | ||
| 500 | |a Includes bibliographical references and index | ||
| 600 | 1 | 0 | |a Meade J. E. |q (James Edward) |d 1907- |x Congresses. |
| 650 | 0 | 0 | |a Industrial management |x Employee participation |x Congreses. |
| 650 | 0 | 0 | |a Capitalism |x Congresses. |
| 700 | 1 | |a Atkinson, A. B. |q (Anthony Barnes), |d 1944- |4 edt | |
| 710 | 2 | |a International Economic Association. | |
| 852 | |a INST |b CHIOS |e 19970117 |h 331.01 ALT |p 005200010864 |q 005200010864 |t BK |y 0 | ||
| 909 | |a Χ |b 049031 | ||